Religion Quiz

Random Religion or Church Quiz
Score 0/15 Timer 02:00
3 Plays Today
% Correct
Brazil (133,660,000)
97%
United States (74,470,000)
95.4%
Mexico (96,330,000)
89.5%
Argentina (31,020,000)
89.2%
Spain (34,670,000)
88.3%
Italy (50,250,000)
86.3%
France (37,930,000)
86.1%
Colombia (38,100,000)
77.7%
% Correct
Peru (23,630,000)
75.1%
Venezuela (22,500,000)
66.7%
Germany (27,910,000)
58.6%
Poland (35,290,000)
45.4%
Philippines (75,940,000)
33.2%
Democratic Republic of Congo (31,180,000)
23.3%
Nigeria (20,040,000)
20.2%
Remove Ads.
Support Sporcle.
Get the best of Sporcle when you Go Orange. This ad-free experience offers more features, more stats, and more fun while also helping to support Sporcle. Thank you for becoming a member.

You're not logged in!

Compare scores with friends on all Sporcle quizzes.
OR
Log In

Sporcle TV

Today on Sporcle TV


Watch our educational content, quiz creation guides, and fun videos on Sporcle TV.

Show Comments

Extras

Top Quizzes Today


Score Distribution

Paid Content

Your Account Isn't Verified!

In order to create a playlist on Sporcle, you need to verify the email address you used during registration. Go to your Sporcle Settings to finish the process.

Report this User

Report this user for behavior that violates our Community Guidelines.

Details: